Legal problems of employment (Record no. 434066)

000 -LEADER
fixed length control field 00380cam a22001217a 4500
008 - FIXED-LENGTH DATA ELEMENTS--GENERAL INFORMATION
fixed length control field 180718b1951 xxu||||| |||| 00| 0 eng d
082 ## - DEWEY DECIMAL CLASSIFICATION NUMBER
Classification number R03x42 In2
245 ## - TITLE STATEMENT
Title Legal problems of employment
Statement of responsibility, etc. by Industrial Welfare Society, U.K.
260 ## - PUBLICATION, DISTRIBUTION, ETC.
Place of publication, distribution, etc. London
Name of publisher, distributor, etc. Industrial Welfare Society
Date of publication, distribution, etc. 1951
300 ## - PHYSICAL DESCRIPTION
Extent 72p.
650 ## - SUBJECT ADDED ENTRY--TOPICAL TERM
Topical term or geographic name entry element Problems-Employment
700 ## - ADDED ENTRY--PERSONAL NAME
Personal name U.K. Industrial Welfare Society
Holdings
Withdrawn status Lost status Damaged status Not for loan Permanent Location Current Location Date acquired Full call number Barcode Date last seen Price effective from Koha item type
        Indian Institute of Public Administration Indian Institute of Public Administration 2010-02-12 R03x42 In2 13605 2018-07-21 2018-07-21 Book
        Indian Institute of Public Administration Indian Institute of Public Administration 2010-02-12 R03x42 In2 3050 2018-07-21 2018-07-21 Book

Powered by Koha